| 000 | 00528nam a2200133 a 4500 | ||
|---|---|---|---|
| 001 | 000045979 | ||
| 005 | 20201002052547.0 | ||
| 008 | 150605s2011 dr g 000 0 spa d | ||
| 040 |
_aDO-SdBNP _bspa _cBNPHU |
||
| 245 | 0 | 4 |
_aLas publicaciones científicas en Iberoamérica : _bespejo y plancha del desarrollo científico regional / _cAna MAría Cetto Kramis. |
| 260 |
_aSanto Domingo : _bUNIVERSIDAD APEC, _c2011. |
||
| 300 |
_a[48] p. : _bils., gráfs. ; _c23 cm. |
||
| 500 | _aConferencia dictada por la Doctora Ana María Cetto Kramis | ||
| 999 |
_c45468 _d45468 |
||